000 00430nam a22001697a 4500
999 _c4110
_d4110
003 GBCCL
005 20241126110511.0
008 180112b xxu||||| |||| 00| 0 eng d
040 _cgbc
082 _a248.3
_bHUN
100 _aHunt, T. W.
_97863
245 _aThe Doctrine of Prayer /
_cT. W. Hunt
260 _bConvention Press,
_aNashville:
_c1987
300 _a158 p.;
_bill.,
_c21 cm.
650 _aPrayer
_9332
942 _2ddc
_cBK